Представление документа в формате MARC21

Поле Инд. ПП Название Значение
Тип записи a
Библиографический уровень m
001 Контрольный номер RU/LIBMSTU/278166629
005 Дата корректировки 20140505125821.7
008 Кодируемые данные 081030|||||||||ru |||||||||||000|||rus||
020 a ISBN 978-5-390-00365-7
c Цена, тираж 80-00
040 b Код языка каталог. rus
041 a Код языка текста rus
084 a Индекс другой классификации/Индекс ББК 67.401.133+67.402+67.401.11
090 a Полочн. индекс 67.401
x Авторский знак С 48
245 10 a Заглавие Словарь терминов и определений по административному праву, финансовому праву, информационному праву и административной деятельности органов внутренних дел
c Ответственность [авт.-сост. Кардашевский В. В. и др.]
260 a Место издания Москва
b Издательство КноРус
c Дата издания 2009
300 a Объем 206, [1] с.
500 a Примечание Авт.-сост. указаны на обороте тит. л.
650 a Основная рубрика Органы внутренних дел-Словари
653 a Ключевые слова Органы внутренних дел
653 1_ a Ключевые слова Административное право
653 1_ a Ключевые слова Финансовое право
653 1_ a Ключевые слова Информационное право
653 1_ a Ключевые слова Административная деятельность
653 1_ a Ключевые слова Словари
700 a Другие авторы Кардашевский В. В.
e Роль лиц авт.-сост.
700 1_ a Другие авторы Кивич Ю. В.
e Роль лиц авт.-сост.
700 1_ a Другие авторы Кокорев А. Н.
e Роль лиц авт.-сост.
700 1_ a Другие авторы Низаметдинов А. М.
e Роль лиц авт.-сост.
901 t Тип документа m